000 nam a22 a 4500
999 _c159107
_d159107
003 BLK
005 20211117160640.0
008 211117b bul|||||r ||||||| ||bul||
040 _aBLK
041 _aBUL
_cBUL
080 _aОсновни задачи на общественото управление
_b351
_x:347(497.2)(094.4)
_z351:347(497.2)(094.4)
110 1 _aБългария. Закони и др. п.
_9243213
139 _aБългария. Закони и др. п.
_bБ 92
245 1 0 _aСемеен кодекс
257 _aBGR
260 _aСофия
_bНаука и изкуство
_c1985
300 _a30 с.
_c21 см
380 _a3
650 4 _aСемеен кодекс - България
_9250196
650 4 _aБългария - законодателство и закони
_9258203
852 _aЦб 136822
_bЦб
856 4 _qpdf
856 4 _qpdf
942 _cKNG
_n0
_s1
944 _aCR
_c16.10.2014
_kРенета_Константинова
944 _aED
_c16.10.2014
999 _d159107